Tippe, indem du klickst! - Statistiken

Allgemein
  • Dieses Quiz wurde 269 mal gespielt
  • Das Durchschnittsergebnis liegt bei 61 aus 75
Antwortstatistiken
Hint Antwort % Korrekt
FISCH F
100%
. I
90%
BANANE B
89%
. C
88%
. S
88%
. A
87%
DUFTKERZE D
87%
. H
87%
REGENBOGEN R
87%
. A
86%
. N
86%
. N
86%
. B
85%
. E
85%
. E
85%
. G
85%
. G
85%
. N
85%
. O
85%
. E
84%
. E
84%
. E
84%
. N
84%
. T
84%
. U
84%
BALL B
83%
. E
83%
. F
83%
JOJO J
83%
. K
83%
QUARK Q
83%
. R
83%
. Z
83%
. A
82%
. A
82%
. J
82%
. L
82%
. L
82%
MODELL M
82%
. O
82%
XYLOPHON X
82%
. O
81%
. U
81%
. O
80%
. R
80%
. Y
80%
. K
79%
. L
79%
. O
79%
VOGELNEST V
79%
WUNDERBAR W
79%
. D
78%
. D
78%
. E
78%
. E
78%
. H
78%
. L
78%
. L
78%
. N
78%
. O
78%
. O
78%
. U
78%
. A
77%
. G
77%
. N
77%
. P
77%
. B
76%
. E
76%
. E
76%
. L
76%
. N
76%
. R
76%
. R
76%
. S
74%
. T
73%
Keine übereinstimmenden Quizze gefunden
Verteilung der Resultate
Anzahl Personen mit jedem Resultat
Perzentil nach korrekt beantworteten Fragen
Ihre Resultats-Entwicklung
Sie haben dieses Quiz noch nicht gespielt